| 000 | 00555nam a2200169Ia 4500 | ||
|---|---|---|---|
| 003 | GCL | ||
| 008 | 140319s9999 xx 000 0 ara d | ||
| 040 |
_aGCL / _cGCL |
||
| 082 | 0 | 4 |
_a956.9 _bل ف |
| 100 | 1 | _aلورى ا. براند | |
| 245 | 1 | 0 |
_aالفلسطينيون فى العالم العربى: بناء المؤسسات والبحث عن الدولة / _cلورى ا. براند |
| 260 |
_a[S.N] : _bمؤسسة الدراسات الفلسطينية ، _c1991 |
||
| 300 | _a293 ص | ||
| 490 | _a | ||
| 650 | 0 | 4 | _aفلسطين |
| 942 |
_2ddc _cBK |
||
| 999 |
_c45388 _d45388 |
||